1106 1674 1023 1876 1518 1073 1567 1377 1698 1726 1177 1819 1433 1722 1107 1111 1845 1193 1582 1893 1928 1623 1683 1318 1444 1337 1201 1305 1151 1386 1863 1472 1284 1575 1733 1967 1432 1154 1590 1495 1516 1656 1989 1351 1987 1398 1236 1556 1535 1387 1598 1928 1943 1145 1555 1567 1473 1788 1183 1602 1877 1019 1872 1634 1707 1674 1373 1334 1684 1849 1120 1309 1638 1055 1236 1991 1659 1227 1585 1937 1881 1596 1211 1570 1409 1134 1834 1122 1541 1291 1836 1891 1291 1024 1979 1167 1571 1113 1693 BCNSPRNW ULIB Ver.6.0+V

เปลี่ยนเป็นภาษาไทย

Change to English
 แสดงรายละเอียดบรรณานุกรม
  กลับหน้าหลัก

Brief Record : Get Marc (ISO 2709) : E-mail record : QR code < ปิดหน้าต่าง
LEADER : 00000nam 2200000uu 4500
001    13399121213
003     ULIB
008    020711s2551 th a 000 0 tha d
020    9789741631094
050  4 P^bท521ห
100    ทีมงานรักหมวดตี้
245    หมวดตี้/^cทีมงานรักหมวดตี้
250    พิมพ์ครั้งที่ 4
260     ^bม.ป.ท.,^c2551
945    ^p0^l0^i15741
999    ^aทศพร เกษรทอง
รายการนี้ยังไม่มีแท็ก
คุณยังไม่ได้ล็อกอิน คุณสามารถมีกิจกรรมร่วมกับเว็บไซต์ได้ แต่ต้องล็อกอินก่อน ::
  ล็อกอิน

รายการสื่อสารสนเทศ

ลำดับที่ ประเภท เลขเรียก/บาร์โค้ด สถานที่ สถานะ
1. วิทยาศาสตร์การแพทย์ และสุขภาพ
วิทยาศาสตร์การแพทย์ และสุขภาพ
P ท521ห  
  Barcode: 15741
ห้องสมุดวิทยาเขตสวรรค์ประชารักษ์
►หนังสือทั่วไป
บนชั้น

BibComment


ยังไม่เคยถูกคอมเมนท์

คอมเมนท์ทรัพยากรรายการนี้
  คอมเมนท์: หมวดตี้ ทีมงานรัก..


 Copyright 2026. Bcnsprnw @Library